[Event "Turnier 40 / 120"]
[Site "Wien"]
[Date "2023.10.04"]
[Round "49"]
[White "Novag Star Diamond"]
[Black "Mephisto Lyon 68020"]
[Result "1-0"]
[WhiteElo "2161"]
[BlackElo "2172"]
[Annotator "Christian"]
[PlyCount "67"]
[EventDate "2023.??.??"]

{[%evp 0,67,19,38,75,73,85,92,86,15,39,54,37,45,45,52,50,-1,-1,40,23,39,43,39,53,63,59,35,41,37,37,40,67,22,128,156,169,160,176,174,180,192,192,188,235,142,201,150,189,185,179,157,189,166,162,122,109,144,254,181,692,765,823,838,871,869,869,877,884,884]} 1. e4 d6 {Runde 49: Pirc Ufimzew / Mit dieser Eröffnung kann Lyon 68020 absolut nichts anfangen und verliert diese Partie gleich mit einer Serie von den 3 ersten berechneten Zügen, die allesamt grottenschlecht sind, bereits 3 Züge nach Buchende ist die Partie hoffnungslos verloren, eine ganz schlechte Partie von Lyon 68020, der damit die Partie praktisch abschenkt, schade damit ist die Spannung draussen, aber gut es hat bis zur vorletzten Runde gedauert. Star Diamond spielt alles andere als optimal weiter und verspielt in der Folge noch den gesamten Vorteil, jedoch kann Lyon 68020 eine Remischance nicht nützen und macht wenig später den absoluten Verlustzug 29. fxg4 ???, danach ist alles sofort vorbei. Diese Chance nützt Star Diamond und gewinnt damit den Wettkampf nach 49 Runden! Stand: 25,5 : 23,5 ---> für Novag Star Diamond (52,04 %)} 2. d4 Nf6 3. Nc3 g6 4. f4 Bg7 5. Nf3 O-O 6. Bd3 Nc6 7. O-O Bg4 8. e5 dxe5 9. dxe5 Nd5 10. h3 Nxc3 11. bxc3 Bf5 12. Bxf5 gxf5 13. Be3 {***ENDE BUCH***} e6 14. Qe2 {Buchbewertung Novag Star Diamond: +0,26} Qd5 15. Rfd1 Qa5 {***ENDE BUCH***} 16. Rab1 {[#]} Qxa2 $4 {[%mdl 2] Buchbewertung Mephisto Lyon 68020: -0,15 / ein ganz schlechter erster berechneter Zug, danach ist die Partie lt. Stockfish 16 praktisch schon verloren, Stockfish -1,90, nötig war natürlich einfach b6 mit ca. -0,50} ({Stockfish dev-20230922-70ba9de8:} 16... b6 17. g4 Ne7 18. Qc4 c6 19. a4 Rfc8 20. Ra1 b5 21. axb5 Qxb5 22. Qd3 Qxd3 23. Rxd3 fxg4 24. hxg4 f6 25. exf6 Bxf6 26. Ra4 Nd5 27. c4 Nb6 28. Bxb6 axb6 29. Rda3 Rxa4 30. Rxa4 Be7 31. Kg2 Rf8 {[%eval 49,32] [%wdl 69,931,0]}) 17. Rxb7 Rfc8 $2 {[%mdl 2] ein absoluter Verlustzug, danach ist die Partie bereits hoffnungslos verloren, Stockfish -5,00, deutlich besser ist noch Da5 mit ca. -2,00, gut aber die richtige Fortsetzung wird Star Diamond natürlich nicht sehen es wäre Sg5, h6, Sxf7 !!!, also das ist einfach unmachbar für einen Oldie so ehrlich muss man sein, es ist auch keine Schande das nicht zu sehen, ehrlich gesagt, darauf wäre ich niemals gekommen} 18. Rd7 {ja war klar, hier aber KEIN Fragezeichen, da der Textzug die Partie ebenfalls klar gewinnt und wie gesagt vor allem der Folgezug Sxf7 ist einfach eine zu harte Nuss für wahrscheinlich jeden x-beliebigen Oldie, Stockfish +3,00} Qa1+ $4 {auch der 3. berechnete Zug ist ganz schlecht, Stockfish -4,30, deutlich besser ist noch Sd8} 19. Kf2 $2 {deutlich schwächer als Kh2, ändert aber nichts an der klaren Gewinnstellung von Weiss, Stockfish +3,30} Qa4 20. Rdxc7 Rxc7 21. Rxc7 h6 {besser ist noch Sd8, Stockfish -4,00} 22. g3 $2 {ein Katastrophenzug, der den Grossteil des Vorteiles verschenkt, Stockfish nur noch +0,80, nötig war Sd2 mit ca. +4,00} a6 $4 {aber auch Lyon 68020 greift wieder voll daneben, der Textzug verliert die Partie wieder klar, Stockfish -3,20, nötig war Lf8} 23. Nd4 Nd8 24. Qd3 Bf8 25. Nb3 $2 {deutlich stärker ist g4, büsst ca. 1 Bauerneinheit ein, Stockfish +2,80} Qa2 $2 {weit schwächer als a5, Stockfish -3,80} 26. Rd7 Nc6 27. Bc5 $2 {ein Katastrophenzug, der auf einen Schlag den gesamten Vorteil verschenkt, danach ist Partie bereits Remis, Stockfish 0,00 / hier kann Schwarz mittels Tb8 !! ausgleichen, danach führt Lxf8 in weiterer Folge zum Dauerschach und Remis, mehr hat Weiss nicht mehr} Bxc5+ $2 {verpasst die Remischance, aber auch nach dem Textzug bleibt der Weg noch weit für Weiss zu einem möglichen Sieg, Stockfish -1,00} 28. Nxc5 a5 $2 {ein Verlustzug, danach ist die Partie wieder klar verloren, Stockfish -3,50, nötig war Da3} 29. g4 $2 {weit schwächer als Tc7, gewinnt aber auch noch, Stockfish +2,60} fxg4 $2 {ein absoluter Verlustzug, danach ist alles aus, Stockfish -40,00, nötig war Da3} 30. Rxf7 $1 {richtig und damit ist es aus} Kxf7 31. Qh7+ Ke8 32. Qd7+ Kf8 33. Nxe6+ Qxe6 34. Qxe6 {Rest geschenkt} 1-0

[Event "Turnier 40 / 120"]
[Site "Wien"]
[Date "2023.10.04"]
[Round "50"]
[White "Mephisto Lyon 68020"]
[Black "Novag Star Diamond"]
[Result "1-0"]
[WhiteElo "2172"]
[BlackElo "2161"]
[Annotator "Christian"]
[PlyCount "154"]
[EventDate "2023.??.??"]

{[%evp 0,154,19,38,25,16,14,26,-11,7,31,-2,-2,0,0,-27,-42,-27,-45,-61,-46,-38,-47,-49,-24,-13,-13,-11,-8,-1,-8,-22,-22,-17,28,54,63,77,79,30,48,57,31,65,72,67,72,44,44,75,47,37,96,109,92,103,84,40,124,121,131,84,124,131,120,117,124,142,142,142,153,147,158,111,115,149,132,132,129,122,122,114,104,112,122,122,183,177,163,177,146,132,147,147,137,147,201,208,209,199,202,208,208,169,180,171,171,171,168,195,205,213,218,218,218,221,222,219,219,228,221,223,225,225,225,223,242,244,236,242,268,268,251,275,278,282,278,270,278,243,237,241,278,278,278,278,271,278,270,243,237,239,252,236,402,434,434]} 1. e4 e5 {Runde 50: Schottisch / Zum Abschluss des Wettkampfes eine ganz schlechte Leistung von Star Diamond, hier verliert er chancenlos obwohl auch sein Gegner alles andere als ideal agiert. Lyon 68020 kann damit noch einen Teilerfolg verbuchen und gewinnt die Staffelwertung mit 3 : 2. Um so ärgerlicher wenn man jetzt an Runde 48 zurückdenkt, wo Lyon 68020 einen 100% Sieg verschenkt hat, Egbert meinte, diesem könnte er noch nachtrauern und so kommt es jetzt auch, das hat den gesamten Wettkampf entschieden ! ENDSTAND Wettkampf: 25,5 : 24,5 ---> für Novag Star Diamond (51,00 %) / Endstand Staffel 5: 6,0 : 4,0 ---> für Mephisto Lyon 68020 / Performance: Novag Star Diamond 2179 / Mephisto Lyon 68020 2154 | Statistiken: Durchschnittliche Züge pro Partie: 53 / Buchzüge Novag Star Diamond: 478 (9,56 / Partie) , Buchzüge Mephisto Lyon 68020: 462 (9,24 / Partie) / Ergebnisse aus Sicht Novag Star Diamond: +19 =13 -18 | Staffelübersicht aus der Sicht von Novag Star Diamond: Staffel 1: 7,0 : 3,0 / Staffel 2: 5,5 : 4,5 / Staffel 3: 4,5 : 5,5 / Staffel 4: 4,5 : 5,5 / Staffel 5: 4,0 : 6,0 | Prognosen: Kurt war der einzige, der auf einen Sieg von Star Diamond getippt hat mit seinem 26,5 : 23,5, dennoch muss er sich mit Silber begnügen, denn der Goldpokal geht an meine Wenigkeit mit 25 : 25, lag ich nur einen halben Punkt daneben, Bronze geht an Borromeus mit 26 : 24 für Lyon 68020 | Schlusswort: Ein Wettkampf mit vielen Serien und Höhen und Tiefen, Star Diamond schien mehrmals bereits uneinholbar in Führung z.B. bei 15 : 8 oder auch bei 23,5 : 18,5, doch Lyon 68020 konnte jedesmal noch stark kontern und verliert am Ende unglücklich mit der knappestmöglichen Niederlage überhaupt, ein Wettkampf auf Augenhöhe, der auch jederzeit anders rum ausgehen kann. Beide Geräte hatten erwartungsgemäss natürlich auch ihre Totalaussetzer, wo man eigentlich nur den Kopf schütteln kann, auch in diesem Wettkampf hat man vergeblich auf irgendeine Endspielüberlegenheit von Lyon 68020 gewartet, wie auch schon in seinen vorigen Wettkämpfen gegen Magellan und Atlanta.} 2. Nf3 Nc6 3. d4 exd4 4. Nxd4 Bc5 5. Nb3 Bb6 6. Nc3 Nf6 7. Bg5 {Buchende} h6 8. Bh4 {Buchbewertung Mephisto Lyon 68020: +0,12} d6 {Buchende} 9. Bc4 Ne5 {Buchbewertung Novag Star Diamond: +0,38 lt. Stockfish ist die Stellung etwa gleich} 10. Bb5+ c6 11. Be2 Qe7 12. Bg3 Be6 13. O-O O-O-O 14. Nd4 h5 15. a4 $2 {ein schlechter Zug, Stockfish -1,10, deutlich besser ist h4} ({Stockfish dev-20230922-70ba9de8:} 15. h4 g5 16. hxg5 h4 17. Bf4 Nh7 18. Nxe6 fxe6 19. Na4 Bc7 20. Qd4 Rhg8 21. Qxa7 Nxg5 22. Kh1 Nxe4 23. Bxe5 Qg5 24. Bf3 Qxe5 25. Rae1 d5 26. Nb6+ Bxb6 27. Qxb6 Qg5 28. Qe3 Qxe3 29. Rxe3 Nd2 30. Rd1 Nxf3 31. Rxf3 e5 32. Re3 Rdf8 33. f3 Rg3 34. c4 h3 35. cxd5 cxd5 36. Rxe5 Rxg2 37. Rexd5 Rxf3 38. R5d2 Rf1+ 39. Rxf1 Rxd2 {[%eval -56,33] [%wdl 0,902,98]}) 15... h4 {besser ist a5, Stockfish +0,80} 16. Bf4 g5 $2 {völliger Unsinn, stellt die Stellung auf den Kopf, danach steht Weiss bereits besser, Stockfish -0,40, nötig war h3 mit ca. +0,80 für Schwarz} 17. Bxg5 h3 $2 {ganz schwach, danach steht Weiss bereits klar besser, Stockfish -1,30, richtig wäre Tdg8 mit der Fortsetzung f4, Txg5 !!!, fxg5, S6g4 wäre Weiss nur minimal besser gestanden, aber gut, das ist natürlich nicht leicht zu sehen das Qualitätsopfer hier} 18. g3 Rhg8 19. Be3 $2 {ein schlechter Zug, der den Grossteil des Vorteiles verspielt, Stockfish +0,40, deutlich stärker ist a5, aber auch das ist für einen Oldie praktisch unerreichbar, denn nach a5, Lxd4, Dxd4, Txg5, Dxa7 verliert Weiss eine Figur für einen Bauern ist aber trotzdem in einer Gewinnstellung, naja einfach zu hart diese Nuss} Nfg4 $2 {ein schlechter Zug, Star Diamond verwirft im letzten Moment den richtigen Zug La5 ! und bewertet den Textzug um +0,04 besser, eine krasse Fehlentscheidung danach steht Weiss bereits klar besser, Stockfish -1,30} 20. Nf5 Bxf5 21. Bxb6 axb6 22. exf5 Nh6 23. Qd4 Nxf5 24. Qxb6 Kb8 $2 {deutlich mehr Widerstand leistet noch Dc7, nach dem Textzug ist die Partie bereits verloren, Stockfish -2,00} 25. a5 Nd7 26. Qb4 c5 27. Qf4 Nd4 28. Bd3 $2 {ein grottenschlechter Zug, der auf einen Schlag den gesamten Vorteil verschenkt, danach ist die Partie bereits Remis, Stockfish 0,00 sieht hier bereits eine Stellungswiederholung mit folgendem Dauerschach, mehr hat Weiss nicht mehr, nötig war a6 !! mit ca. +2,00 für Weiss} Qf6 $2 {wie gewonnen so zeronnen, verpasst die Remischance, nach dem Textzug ist die Partie wieder klar verloren, Stockfish -2,20, das Remis gesichert hätte Se5} 29. Qxf6 Nxf6 30. f3 Rge8 {besser ist noch d5, Stockfish -2,50} 31. Ne4 $4 {die Partie ist aber nur verloren für Schwarz aus Sicht von Stockfish 16, für Lyon 68020 erweist es sich 1x mehr als nicht selbstverständlich, der Textzug ist ganz schlecht und verspielt nahezu den gesamten Vorteil, Stockfish nur noch +0,60, nötig war entweder Kf2 oder Sb5} Nxf3+ $2 {schenkt gleich wieder alles retour, nach dem Textzug ist die Partie wieder verloren, Stockfish -2,30, nötig war Sxe4} 32. Rxf3 Nxe4 33. Rxf7 Ng5 34. Rf5 Ne6 35. a6 bxa6 36. Rh5 {klar schwächer als Txa6, aber völlig ausreichend, Stockfish +2,20} Nd4 37. Rxh3 Nf3+ 38. Kf2 Rf8 39. Kg2 Rde8 40. Rh6 $2 {nicht optimal, besser ist Tf1 aber völlig ausreichend, Stockfish +2,00} Ne1+ 41. Kg1 Nxd3 42. cxd3 Kc7 $2 {ein absoluter Verlustzug, danach ist alles aus Stockfish -4,60, deutlich mehr Widerstand leistet noch d5, mit ca. -2,00} 43. Rxa6 Re1+ 44. Kg2 Re2+ 45. Kh3 Rff2 46. Rhxd6 Rxh2+ 47. Kg4 Re3 48. Kf4 Re1 49. Rdc6+ Kb7 50. Rab6+ Ka7 51. b4 Rf2+ 52. Kg4 cxb4 53. Rxb4 Re8 54. Rc3 Rg8+ 55. Kh3 Rh8+ 56. Rh4 Rhf8 57. Rb3 Ra2 58. Rhb4 Rh8+ 59. Kg4 Rd8 60. d4 Ra5 61. Kf4 Rf8+ 62. Ke3 Re8+ 63. Kf3 Rf8+ 64. Kg2 Rf6 65. g4 Rd6 66. Kg3 {Stockfish +7,00} Ka6 67. Rb8 Ka7 68. R8b7+ Ka6 69. R7b4 Rd7 70. Rb2 Rd6 71. Rb8 Ka7 72. R2b7+ Ka6 73. Rb1 Ka7 74. R8b4 Ka6 75. R1b2 Rd7 76. Rd2 Rb5 $2 {es ist sowieso egal, aber hier noch einen Abtausch anzubieten ist natürlich völliger Schwachsinn, danach ersparte ich Star Diamond die unvermeidliche Hinrichtung, Stockfish -200,00, länger überlebt natürlich Ta3+} 77. Rxb5 Kxb5 {Rest geschenkt} 1-0